| 000 | 00000nam 2200000zi 4500 |
| 001 | 9.931033 |
| 003 | CaOODSP |
| 005 | 20241121105154 |
| 006 | m o d f |
| 007 | cr mn||||||||| |
| 008 | 231130t20242024onc o f000 0 eng d |
| 020 | |a9780660691367 |
| 040 | |aCaOODSP|beng|erda|cCaOODSP |
| 086 | 1 |aM134-46/2023E-PDF |
| 245 | 00|aBioenergy policies. |
| 264 | 1|a[Ottawa] : |bNatural Resources Canada = Ressources naturelles Canada, |c[2024] |
| 264 | 4|c©2024 |
| 300 | |a1 online resource (3 unnumbered pages) |
| 336 | |atext|btxt|2rdacontent |
| 337 | |acomputer|bc|2rdamedia |
| 338 | |aonline resource|bcr|2rdacarrier |
| 500 | |aIssued also in French under title: Politiques en matière de bioénergie. |
| 650 | 0|aBiomass energy|xGovernment policy. |
| 710 | 1 |aCanada. |bNatural Resources Canada, |eissuing body. |
| 775 | 08|tPolitiques en matière de bioénergie.|w(CaOODSP)9.931034 |
| 856 | 40|qPDF|s1.14 MB|uhttps://publications.gc.ca/collections/collection_2024/rncan-nrcan/M134-46-2023-eng.pdf |